How Soon Is Now? - The Smiths full Lyrics - Statistics

General Stats
  • This quiz has been taken 14 times
  • The average score is 141 of 149
Answer Stats
Answer % Correct
a
100%
am
100%
and
100%
be
100%
can
100%
else
100%
everybody
100%
go
100%
go,
100%
how
100%
human
100%
I
100%
in
100%
is
100%
just
100%
like
100%
loved,
100%
mouth,
100%
need
100%
of
100%
on
100%
shut
100%
So
100%
son
100%
that
100%
the
100%
to
100%
who
100%
You
100%
you
100%
you.
100%
cry
89%
die.
89%
does.
89%
home,
89%
leave
89%
nothing
89%
own,
89%
particular.
89%
say
89%
things
89%
vulgar,
89%
want
89%
way?
89%
wrong
89%
your
89%
about
78%
criminally
78%
heir
78%
if
78%
loves
78%
really
78%
shyness
78%
somebody
78%
There's
78%
you'd
78%
club
67%
could
67%
meet
67%
stand
44%
No matching quizzes found
Score Distribution
Percent of People with Each Score
Percentile by Number Answered
Your Score History
You have not taken this quiz